| 000 | 00923nam a2200253 u 4500 | ||
|---|---|---|---|
| 001 | 000020462 | ||
| 005 | 20240228130646.0 | ||
| 008 | 100813s2016 dr a 000 0 spa d | ||
| 020 | _a9789945167498 | ||
| 040 |
_aDO-SdBNP _bspa _cBNPHU |
||
| 082 |
_a630.97293 _bR763a |
||
| 100 | 1 |
_aRomero, Santo _97021 |
|
| 245 | 1 | 0 |
_aAgropecuaria y asentamientos humanos / _cSanto Romero. |
| 260 |
_aSanto Domingo, : _bBúho, _c2016. |
||
| 300 |
_a616 p. : _bil. , retrs. ; _c21 cm. |
||
| 500 | _aIncluye datos biográficos del autor en la contracubierta | ||
| 504 | _aBibliografía : p. 615-616 | ||
| 590 | _aLa biblioteca posee 3 ajemplares autográfiados por el autor | ||
| 590 | _aInventariado,2018/DG | ||
| 650 | 4 |
_aAgricultura _zRepública Dominicana _91568 |
|
| 650 | 4 |
_aAsentamientos humanos _zRepública Dominicana _943143 |
|
| 650 | 4 |
_aGanadería _zRepública Dominicana _91548 |
|
| 910 | _aValidado. Control de calidad MFF | ||
| 999 |
_c19966 _d19966 |
||